000 00994cam a2200289 a 4500
001 1198212
005 20221005154046.0
008 980508s1999 nyuab b 001 0 eng
010 _a 98022145
020 _a0393973514 (pbk.)
040 _aDLC
_cDLC
_dDLC
043 _aa-cc---
050 0 0 _aDS754
_b.S65 1999
082 0 0 _a951.03
_bSPE
100 1 _aSpence, Jonathan D.
_999142
245 1 4 _aThe search for modern China /
_cJonathan D. Spence.
250 _a2nd ed.
260 _aNew York :
_bW.W. Norton,
_cc1999.
300 _axxxi, 728, [A131] p. :
_bill., maps ;
_c24 cm.
504 _aIncludes bibliographical references and index.
651 0 _aChina
_xHistory
_yQing dynasty, 1644-1912.
_952030
651 0 _aChina
_xHistory
_y20th century.
_914178
906 _a7
_bcbc
_corignew
_d1
_eocip
_f19
_gy-gencatlg
942 _2ddc
_cBK
999 _c591500
_d591500